|
|
|
|
| LEADER |
00000cam a2200000 7i4500 |
| 001 |
0000001075 |
| 005 |
20230524.0 |
| 008 |
991125 my may |
| 040 |
|
|
|a INS
|
| 090 |
0 |
0 |
|a Q182.3
|b .A45 1986
|
| 100 |
0 |
|
|a Ahmad Hashem
|
| 245 |
1 |
0 |
|a Panduan Kaedah Ujikaji
|c Ahmad Hashem, Raja Mustapha Raja Hassan, David Bradley
|
| 260 |
|
|
|a Kuala Lumpur :
|b Dewan Bahasa dan Pustaka ,
|c c1986
|
| 300 |
|
|
|a xi, 155 p. :
|b ill. ;
|c 22 cm.
|
| 650 |
|
0 |
|a Science
|x Experiments
|
| 650 |
|
0 |
|a Science
|x Methodology
|
| 700 |
0 |
|
|a Raja Mustapha Raja Hassan
|
| 700 |
1 |
|
|a Bradley, David
|
| 999 |
|
|
|a 0000003413
|b BOOK
|c Open Shelf
|e Default branch
|